La proteccin̤ jurd̕ico-penal del agua

Bibliographic Details
Main Author: Rodrg̕uez Ferrǹdez, Samuel
Format: eBook
Language:Spanish
Published: Madrid : Dykinson, 2013
Subjects:
Online Access:Acceso restringido

MARC

LEADER 00000nam a22000007a 4500
005 20131129124029.0
008 131129s2013 sp |||||s|||| 00| 0 spa d
020 |a 978-84-9031-444-9 
035 |a 11633 
040 |a vLex 
090 |c 4608  |d 4608 
100 1 |a Rodrg̕uez Ferrǹdez, Samuel 
245 1 3 |a La proteccin̤ jurd̕ico-penal del agua  |h [Recurso electrn̤ico] /  |c Samuel Rodrg̕uez Ferrǹdez  
256 |a Servicio en ln̕ea 
260 |a Madrid :  |b Dykinson,  |c 2013 
300 |a 1 recurso electrn̤ico 
506 1 |a Contenido solo disponible en los productos indicados  |d vLex Global  |d vLex Global (Academic Edition, excluding Law Schools)  |d vLex Global (U.S. Academic Edition, Law Schools)  |d vLex Global (U.S. Academic Edition, excluding Law Schools)  |d vLex Global (Academic Edition, Law Schools) 
650 0 4 |a Agua  |x Conservacin̤ 
740 0 |a vLex Libros (Servicio en ln̕ea) 
856 4 0 |u http://vlex.com/source/proteccion-juridico-penal-agua-11633  |z Acceso restringido 
942 |c BOOK 
999 0 |a Water conservation